[Event "Vojens Sonderjysk EMT C"]
[Site "Vojens"]
[Date "2015.06.01"]
[Round "5"]
[White "Underbjerg, Niels"]
[Black "Jorgensen, Arne Juul"]
[Result "1/2-1/2"]
[WhiteElo "1229"]
[BlackElo "1030"]
[PlyCount "110"]
[EventDate "2015.04.27"]
[EventType "tourn"]
[EventRounds "7"]
[EventCountry "DEN"]
[SourceTitle "EXT 2023"]
[Source "ChessBase"]
[SourceDate "2022.10.05"]
[SourceVersion "1"]
[SourceVersionDate "2022.10.05"]
[SourceQuality "1"]

1. e4 e6 2. d4 d5 3. e5 c5 4. Nf3 a6 5. Be2 Nc6 6. c3 cxd4 7. cxd4 Bb4+ 8. Nc3 Nge7 9. Bg5 h6 10. Bd2 Nf5 11. a3 Ba5 12. b4 Bb6 13. Bc1 Ncxd4 14. Nxd4 Nxd4 15. Bg4 Nc6 16. Qe2 Bd7 17. 0-0 Bc7 18. f4 Bb6+ 19. Be3 Nd4 20. Qf2 Qc7 21. Bxd4 Qxc3 22. Bxc3 Bxf2+ 23. Rxf2 0-0 24. Raf1 Bb5 25. Be2 Bd7 26. Bg4 g6 27. Bb2 Rac8 28. Rc1 Rc6 29. Rfc2 Rfc8 30. Rxc6 bxc6 31. Be2 Ra8 32. Rc5 Kf8 33. a4 Ke8 34. Ra5 Bc8 35. b5 cxb5 36. axb5 Bb7 37. bxa6 Bc8 38. Bb5+ Kd8 39. Bd4 Kc7 40. Bb6+ Kb8 41. Bc6 Rxa6 42. Rxa6 Bxa6 43. Be8 Kb7 44. Bf2 Bd3 45. Bxf7 Bf5 46. h3 h5 47. Kf1 Kc7 48. Ke2 Kd7 49. g4 hxg4 50. hxg4 Bxg4+ 51. Ke3 Bf5 52. Kd4 Ke7 53. Bg8 Kf8 54. Bh7 Kg7 55. Bxg6 Kxg6 1/2-1/2

[Event "Vojens Sonderjysk EMT C"]
[Site "Vojens"]
[Date "2015.05.18"]
[Round "4"]
[White "Jorgensen, Arne Juul"]
[Black "Pedersen, Michael"]
[Result "0-1"]
[WhiteElo "1030"]
[BlackElo "1162"]
[PlyCount "90"]
[EventDate "2015.04.27"]
[EventType "tourn"]
[EventRounds "7"]
[EventCountry "DEN"]
[SourceTitle "EXT 2023"]
[Source "ChessBase"]
[SourceDate "2022.10.05"]
[SourceVersion "1"]
[SourceVersionDate "2022.10.05"]
[SourceQuality "1"]

1. d4 Nf6 2. Bf4 e6 3. Nf3 d5 4. e3 Nc6 5. Bb5 Bd7 6. c3 a6 7. Ba4 b5 8. Bc2 Bd6 9. Bxd6 cxd6 10. Nbd2 0-0 11. b4 Re8 12. 0-0 e5 13. e4 Bg4 14. dxe5 dxe5 15. Qe1 Rc8 16. Qe3 d4 17. Qd3 dxc3 18. Qxc3 Nd4 19. Qd3 Nxc2 20. Qxd8 Rcxd8 21. Rab1 Nd4 22. Nxd4 Rxd4 23. Rb2 Nxe4 24. Nxe4 Rxe4 25. f3 Bxf3 26. Rxf3 Rd4 27. a3 Red8 28. Rc2 g6 29. Rc6 R4d6 30. Rcc3 f5 31. Rc1 e4 32. Rfc3 Rd1+ 33. Rxd1 Rxd1+ 34. Kf2 f4 35. Ke2 Rd6 36. Rc8+ Kf7 37. Rc7+ Kg8 38. Rc8+ Kg7 39. Rc7+ Kh6 40. Re7 e3 41. Rc7 Rd2+ 42. Kf3 g5 43. Rc6+ Kh5 44. Rxa6 Rf2+ 45. Ke4 e2 0-1

[Event "Logumkloster-chC"]
[Site "Logumkloster"]
[Date "2015.05.12"]
[Round "5"]
[White "Jorgensen, Arne Juul"]
[Black "Beck, Kresten"]
[Result "0-1"]
[WhiteElo "1052"]
[BlackElo "1147"]
[PlyCount "62"]
[EventDate "2015.04.07"]
[EventType "swiss"]
[EventRounds "5"]
[EventCountry "DEN"]
[SourceTitle "EXT 2023"]
[Source "ChessBase"]
[SourceDate "2022.10.05"]
[SourceVersion "1"]
[SourceVersionDate "2022.10.05"]
[SourceQuality "1"]

1. d4 d5 2. Nf3 Nc6 3. Bf4 e6 4. c3 Nf6 5. Nbd2 h6 6. e3 Bd6 7. Bxd6 Qxd6 8. Bb5 a6 9. Ba4 Bd7 10. c4 dxc4 11. Nxc4 Qb4+ 12. Nfd2 b5 13. a3 Qe7 14. Qb3 bxa4 15. Qb7 0-0 16. Qxc7 Qd8 17. Qxd8 Rfxd8 18. 0-0 Ne7 19. Rab1 Bb5 20. Rfc1 Rac8 21. Ne5 Rxc1+ 22. Rxc1 Rc8 23. Rxc8+ Nxc8 24. f4 Nd6 25. g4 Nfe4 26. Ndf3 Nc4 27. Nd3 Nxe3 28. Nfe1 Nxg4 29. h3 Ngf6 30. Ne5 Nd5 31. N5f3 Nxf4 0-1

[Event "Logumkloster-chC"]
[Site "Logumkloster"]
[Date "2014.04.08"]
[Round "2"]
[White "Jorgensen, Arne Juul"]
[Black "Bruhn, Curt"]
[Result "1/2-1/2"]
[WhiteElo "1000"]
[BlackElo "1179"]
[PlyCount "49"]
[EventDate "2014.03.18"]
[EventType "tourn"]
[EventRounds "5"]
[EventCountry "DEN"]
[SourceTitle "EXT 2023"]
[Source "ChessBase"]
[SourceDate "2022.10.05"]
[SourceVersion "1"]
[SourceVersionDate "2022.10.05"]
[SourceQuality "1"]

1. e4 e6 2. d4 d5 3. e5 g6 4. Nf3 Bg7 5. c3 Bh6 6. Nbd2 Ne7 7. Bd3 0-0 8. Nb3 Bxc1 9. Rxc1 Nf5 10. c4 c6 11. 0-0 Nh4 12. Nxh4 Qxh4 13. Nd2 Na6 14. a3 c5 15. Nf3 Qe7 16. cxd5 b6 17. d6 Qd7 18. Qb3 cxd4 19. Bxa6 Bxa6 20. Rfd1 Be2 21. Rxd4 Rac8 22. Rxc8 Rxc8 23. Qe3 Bxf3 24. Qxf3 Rc1+ 25. Rd1 1/2-1/2

[Event "Logumkloster-chB"]
[Site "Logumkloster"]
[Date "2013.09.04"]
[Round "1"]
[White "Jorgensen, Arne Juul"]
[Black "Jessen, Morten"]
[Result "0-1"]
[WhiteElo "1050"]
[BlackElo "1336"]
[PlyCount "133"]
[EventDate "2013.04.09"]
[EventType "swiss"]
[EventRounds "5"]
[EventCountry "DEN"]
[SourceTitle "EXT 2023"]
[Source "ChessBase"]
[SourceDate "2022.10.05"]
[SourceVersion "1"]
[SourceVersionDate "2022.10.05"]
[SourceQuality "1"]

1. d4 Nf6 2. c4 g6 3. Nc3 Bg7 4. Nf3 0-0 5. e4 d6 6. Be2 b6 7. b4 Bb7 8. Qd3 Nbd7 9. 0-0 c5 10. bxc5 dxc5 11. d5 Nh5 12. Bb2 Nf4 13. Qd2 Bh6 14. Qc2 Bg7 15. Rfe1 Qc7 16. Nb5 Nxe2+ 17. Rxe2 Qf4 18. Bxg7 Kxg7 19. Qd2 Qxd2 20. Rxd2 a6 21. Nc3 Rab8 22. Rb1 b5 23. cxb5 axb5 24. Rxb5 Ba6 25. Rxb8 Rxb8 26. a4 Rb3 27. Rc2 Bd3 28. Rc1 c4 29. Ne1 Nc5 30. f3 Ra3 31. Kf2 Nxa4 32. Nxa4 Rxa4 33. Ke3 Ra3 34. Kd2 Bf1 35. Rc3 Ra2+ 36. Rc2 Ra6 37. Rc3 e6 38. g3 exd5 39. exd5 Rd6 40. Nc2 Rxd5+ 41. Ke1 Bd3 42. Ne3 Rc5 43. Kd2 h5 44. h4 Kf6 45. Ng2 Ke5 46. Ke3 Kf5 47. Nf4 Bf1 48. Kd4 Rc8 49. Ke3 Rd8 50. Kf2 Bd3 51. Ke3 Re8+ 52. Kd2 Bf1 53. Rc1 Bd3 54. Kc3 Re3 55. g4+ Kxf4 56. g5 Rxf3 57. Re1 Kg4 58. Rh1 Be4+ 59. Kxc4 Rc3+ 60. Kxc3 Bxh1 61. Kd2 Kxh4 62. Ke3 Kxg5 63. Kf2 f5 64. Kg3 f4+ 65. Kh2 Ba8 66. Kg1 h4 67. Kh2 0-1